الشباب المصرى المعاصر وأزمة القيم : (Record no. 15967)
[ view plain ]
| 000 -الفاتح | |
|---|---|
| حقل البيانات ثابتة الطول | 00986nam a22001817a 4500 |
| 008 - عناصر البيانات ثابتة الطول - معلومات عامة | |
| حقل البيانات ثابتة الطول | 110906s1997 ua||||| |||| 00| 0 ara d |
| 020 ## - الرقم الدولى المعيارى للكتب | |
| الرقم الدولى المعيارى للكتاب | 9770151033 |
| 082 ## - رقم تصنيف ديوى العشرى | |
| رقم الطبعة | 22 |
| رقم التصنيف | 305.24 |
| رقم المادة | ر ض و |
| 100 1# - المدخل الرئيسى - إسم شخصى | |
| 9 (RLIN) | 27036 |
| الإسم الشخصى | رضوان ، نادية |
| 245 ## - بيان العنوان | |
| العنوان | الشباب المصرى المعاصر وأزمة القيم : |
| بقية العنوان | دراسة عن بوادر ومحاور أزمة الشباب : ثلاث دراسات تتبعية لمجموعة من الشباب الفترة من 1984 - 1994 / |
| بيان المسئوليه,etc | نادية رضوان |
| 260 ## - PUBLICATION, DISTRIBUTION, ETC. (IMPRINT) | |
| مكان الناشر او الموزع | القاهرة : |
| اسم الناشر او الموزع | الهيئة المصرية العامة للكتاب ، |
| تاريخ النشر أو التوزيع | 1997. |
| 300 ## - الوصف المادى | |
| التعداد | 488 ص ؛ |
| أبعاد الوعاء | 24 سم. |
| 504 ## - تبصرة ببليوجرافية | |
| تبصرة ببليوجرافية,الخ | يشتمل على إرجاعات ببليوجرافية 467 - 483 |
| 650 #0 - المدخل الاضافى بالموضوع-مصطلح موضوعى | |
| 9 (RLIN) | 27037 |
| مصطلح موضوعي أو اسم جغرافي كعنصر مدخل | الشباب |
| التقسيم الفرعي الجغرافي | مصر |
| 653 ## - مصطلح تكشيفى غير مقيد | |
| Resource For college | |
| Arrived date list | September2011 |
| 942 ## - عناصر المدخل الإضافي( كوها) | |
| مصدر التصنيف او مخطط الترفيف | Dewey Decimal Classification |
| Koha [default] item type | Book - Borrowing |
| حالة التراجع | حالة الفقد | مصدر التصنيف او خطة الترفيف | حالة تلف | ليس للاعارة | مجموعات كوها | المكان الدائم | المكان الحالي | موقع الترفيف | تاريخ الاكتساب | Source of acquisition | رقم الاستدعاء | الباركود | Date last seen | نوع الوعاء |
|---|---|---|---|---|---|---|---|---|---|---|---|---|---|---|
| Dewey Decimal Classification | Alef-Baa | Central Library | Central Library | First floor | 06/09/2011 | 305.24 ر ض و | 000024633 | 15/07/2025 | Book - Borrowing |